Расчет площадей, занимаемых полигонами, при применяющихся в России и европейских способах хранения твердых бытовых отходов; Проблемы геологии и освоения недр; Т. 1

Opis bibliograficzny
Parent link:Проблемы геологии и освоения недр: труды XX Международного симпозиума имени академика М. А. Усова студентов и молодых ученых, посвященного 120-летию со дня основания Томского политехнического университета, Томск, 4-8 апреля 2016 г./ Национальный исследовательский Томский политехнический университет (ТПУ), Институт природных ресурсов (ИПР) ; Общество инженеров-нефтяников, международная некоммерческая организация, Студенческий чаптер ; под ред. А. Ю. Дмитриева.— , 2016
Т. 1.— 2016.— [С. 773-775]
1. autor: Отчик Н. А.
organizacja autorów: Национальный исследовательский Томский политехнический университет (ТПУ) Институт природных ресурсов (ИПР) Кафедра общей геологии и землеустройства (ОГЗ), Национальный исследовательский Томский политехнический университет (ТПУ) Институт кибернетики (ИК) Кафедра прикладной математики (ПМ)
Kolejni autorzy: Васильева А. Ф. (научный руководитель), Гергет О. М. Ольга Михайловна, Пасько О. А. Ольга Анатольевна
Streszczenie:Заглавие с экрана
Język:rosyjski
Wydane: 2016
Seria:Землеустройство: наука и практика
Hasła przedmiotowe:
Dostęp online:http://earchive.tpu.ru/handle/11683/31804
Format: Elektroniczne Rozdział
KOHA link:https://koha.lib.tpu.ru/cgi-bin/koha/opac-detail.pl?biblionumber=619687

MARC

LEADER 00000naa2a2200000 4500
001 619687
005 20231101133055.0
035 |a (RuTPU)RU\TPU\conf\18123 
035 |a RU\TPU\conf\18091 
090 |a 619687 
100 |a 20160826d2016 k y0rusy50 ca 
101 0 |a rus 
102 |a RU 
105 |a y z 100zy 
135 |a drcn ---uucaa 
181 0 |a i  
182 0 |a b 
200 1 |a Расчет площадей, занимаемых полигонами, при применяющихся в России и европейских способах хранения твердых бытовых отходов  |f Н. А. Отчик, А. Ф. Васильева  |g науч. рук. О. М. Гергет, О. А. Пасько 
203 |a Текст  |c электронный 
225 1 |a Землеустройство: наука и практика 
230 |a 1 компьютерный файл (pdf; 310 Kb) 
300 |a Заглавие с экрана 
320 |a [Библиогр.: с. 775 (4 назв.)] 
461 1 |0 (RuTPU)RU\TPU\conf\17456  |t Проблемы геологии и освоения недр  |o труды XX Международного симпозиума имени академика М. А. Усова студентов и молодых ученых, посвященного 120-летию со дня основания Томского политехнического университета, Томск, 4-8 апреля 2016 г.  |o в 2 т.  |f Национальный исследовательский Томский политехнический университет (ТПУ), Институт природных ресурсов (ИПР) ; Общество инженеров-нефтяников, международная некоммерческая организация, Студенческий чаптер ; под ред. А. Ю. Дмитриева  |d 2016 
463 1 |0 (RuTPU)RU\TPU\conf\17457  |t Т. 1  |v [С. 773-775]  |d 2016 
610 1 |a труды учёных ТПУ 
610 1 |a электронный ресурс 
610 1 |a полигоны 
610 1 |a хранение 
610 1 |a твердые бытовые отходы 
610 1 |a Россия 
610 1 |a площади 
610 1 |a европейские требования 
700 1 |a Отчик  |b Н. А. 
701 1 |a Васильева  |b А. Ф. 
702 1 |a Гергет  |b О. М.  |c специалист в области информатики и вычислительной техники  |c доцент Томского политехнического университета, кандидат технических наук  |f 1974-  |g Ольга Михайловна  |2 stltpush  |4 727 
702 1 |a Пасько  |b О. А.  |c биолог  |c профессор Томского политехнического университета, доктор сельскохозяйственных наук  |f 1957-  |g Ольга Анатольевна  |2 stltpush  |4 727 
712 0 2 |a Национальный исследовательский Томский политехнический университет (ТПУ)  |b Институт природных ресурсов (ИПР)  |b Кафедра общей геологии и землеустройства (ОГЗ)  |h 5946  |2 stltpush  |3 (RuTPU)RU\TPU\col\18663 
712 0 2 |a Национальный исследовательский Томский политехнический университет (ТПУ)  |b Институт кибернетики (ИК)  |b Кафедра прикладной математики (ПМ)  |h 130  |2 stltpush  |3 (RuTPU)RU\TPU\col\18700 
801 2 |a RU  |b 63413507  |c 20160929  |g RCR 
856 4 |u http://earchive.tpu.ru/handle/11683/31804 
942 |c BK